Analog Electronics (Record no. 6623)
[ view plain ]
| 000 -LEADER | |
|---|---|
| fixed length control field | 00454nam a2200181Ia 4500 |
| 008 - FIXED-LENGTH DATA ELEMENTS--GENERAL INFORMATION | |
| fixed length control field | 230711s9999||||xx |||||||||||||| ||und|| |
| 020 ## - INTERNATIONAL STANDARD BOOK NUMBER | |
| International Standard Book Number | 978-81-203-2722-1 |
| 041 ## - LANGUAGE CODE | |
| Language code of text/sound track or separate title | ENG |
| 082 ## - DEWEY DECIMAL CLASSIFICATION NUMBER | |
| Classification number | 621.381 |
| Item number | MA-A |
| 100 ## - MAIN ENTRY--PERSONAL NAME | |
| Personal name | Maheshwari,L.K |
| 245 #0 - TITLE STATEMENT | |
| Title | Analog Electronics |
| 250 ## - EDITION STATEMENT | |
| Edition statement | 1st Ed. |
| 260 ## - PUBLICATION, DISTRIBUTION, ETC. | |
| Date of publication, distribution, etc. | 2005 |
| Place of publication, distribution, etc. | New Delhi |
| Name of publisher, distributor, etc. | PHI Learning Private Limited |
| 300 ## - PHYSICAL DESCRIPTION | |
| Extent | 690p. |
| 650 ## - SUBJECT ADDED ENTRY--TOPICAL TERM | |
| Topical term or geographic name entry element | Electronics Engineering |
| 700 ## - ADDED ENTRY--PERSONAL NAME | |
| Personal name | Anand,M. M. S. |
| 942 ## - ADDED ENTRY ELEMENTS (KOHA) | |
| Koha item type | Book |
| Withdrawn status | Lost status | Damaged status | Not for loan | Collection | Home library | Current library | Date acquired | Source of acquisition | Cost, normal purchase price | Inventory number | Total checkouts | Full call number | Barcode | Date last seen | Price effective from | Koha item type | Date last checked out | Date due |
|---|---|---|---|---|---|---|---|---|---|---|---|---|---|---|---|---|---|---|
| MRSPTU Central Library | MRSPTU Central Library | 08/04/2043 | Krishna Book Distributors | 395.00 | KBD/2017-2018/1019143059 | 621.381 MA-A | 39331 | 08/17/2023 | 08/17/2023 | Book | ||||||||
| MRSPTU Central Library | MRSPTU Central Library | 08/04/2043 | Krishna Book Distributors | 395.00 | KBD/2017-2018/1019143059 | 621.381 MA-A | 39332 | 08/17/2023 | 08/17/2023 | Book | ||||||||
| MRSPTU Central Library | MRSPTU Central Library | 08/04/2043 | Krishna Book Distributors | 395.00 | KBD/2017-2018/1019143059 | 1 | 621.381 MA-A | 39333 | 02/05/2026 | 08/17/2023 | Book | 01/22/2026 | ||||||
| MRSPTU Central Library | MRSPTU Central Library | 08/04/2043 | Krishna Book Distributors | 395.00 | KBD/2017-2018/1019143059 | 5 | 621.381 MA-A | 39334 | 04/06/2026 | 08/17/2023 | Book | 04/06/2026 | 04/27/2026 | |||||
| MRSPTU Central Library | MRSPTU Central Library | 08/04/2043 | Krishna Book Distributors | 395.00 | KBD/2017-2018/1019143059 | 1 | 621.381 MA-A | 39335 | 02/02/2026 | 08/17/2023 | Book | 02/02/2026 | 02/23/2026 |
